Laddar...

Understanding the biological diversity act 2002- a dossier

Bibliografiska uppgifter
Huvudupphovsman: Kanchi Kohli
Materialtyp: Printed Book
Språk:Undetermined
Publicerad: Pune Kalpavrish 2006
Ämnen:
LEADER 00733nam a2200241Ia 4500
008 141004s9999 xx 000 0 und d
040 |c a 
041 |a English 
082 |a 346.046 
082 |b KOH/UN 
100 |a Kanchi Kohli  
245 |a Understanding the biological diversity act 2002- a dossier 
245 |c Kanchi Kohli  
260 |a Pune 
260 |b Kalpavrish 
260 |c 2006 
300 |a 159 p.  
300 |b 24 cm 
501 |a 3A3  
650 |a Biodiversity 
942 |c BK 
999 |c 173819  |d 173819 
952 |0 0  |1 0  |4 0  |6 346_046000000000000_KOH_UN  |7 0  |8 FEL  |9 178847  |a KAUCOF  |b KAUCOF  |d 2040-01-07  |o 346.046 KOH/UN  |p KAU_COF-4453  |r 2014-10-04  |w 2014-10-04  |y BK